000 01531nam a22002774a 4500
005 2010081100240.0
010 _aENG-99507 B-426373-375
020 _c290.00
_a9788125933007
035 _aEN-83039 B-426373-375
037 _bDBAD/PUB
037 _bRBC/Ven
082 _a343.94307
100 _aKuchhal, M. C.
_929560
245 _aBusiness legislation for management /
_cby M. C. Kuchhal [and] Deepa Prakash
_b
250 _a2nd ed.
260 _aNew Delhi
_bVikas Pub. House
_c2010
270 _a576, Nasjid Road, Jangpura
_bNew Delhi
_e110014
300 _axiii, 649 p.
_c22cm (Pbk)
700 _910698
_aDeepa Prakash
942 _2ddc
_cEN
_mKUC
_h343.94307
999 _c41014
_d41014